• 首页
  • 本馆介绍
  • 公告通知
  • 最新文献
  • 馆藏检索
  • 电子资源
  • 读者导购
  • 参考咨询
  • 我的图书馆
  • 登录
  • 详细信息显示
  • 放入我的书架
  • 预约/预借图书
  • 作者相关作品
  • 分类相关作品
  • 丛书相关作品
  • 出版社相关作品

书目信息

  • 表格格式
  • 工作单格式
  • 卡片格式
题名:
方回春堂传统膏方制作技艺
    
 
作者: 丁黎 , 俞柏堂 编著
分册:  
出版信息: 杭州   浙江摄影出版社  2019
页数: 177页, [1] 叶图版
开本: 23cm
丛书名: 浙江省非物质文化遗产代表作丛书
单 册:
中图分类: R289.6
科图分类:
主题词: 膏剂--制作
电子资源:
ISBN: 978-7-5514-2436-3
000 01385nam 2200277 450
001 2369733720
005 20231226192252.30
010    @a978-7-5514-2436-3@d48.00CNY
100    @a20190915d2019 em y0chiy50 ea
101 0  @achi
102    @aCN@b330000
105    @aaf a 000yy
200 1  @a方回春堂传统膏方制作技艺@Afang hui chun tang chuan tong gao fang zhi zuo ji yi@f丁黎, 俞柏堂编著
210    @a杭州@c浙江摄影出版社@d2019
215    @a177页, [1] 叶图版@c彩图@d23cm
225 2  @a浙江省非物质文化遗产代表作丛书@Azhe jiang sheng fei wu zhi wen hua yi chan dai biao zuo cong shu@h第四批
300    @a第四批国家级非物质文化遗产浙江省项目
320    @a有书目 (第175页)
330    @a方回春堂创立于1649年, 是清末民国初年杭城药业六大家之一, 膏方制作工艺已有三百多年的传承历史。医生通过辨证论治, 开具膏方处方, 由专人熬制, 经过配料、浸泡、煎煮、沉淀、榨汁、滤渣、浓缩、收膏、, 质鉴等十几道工序完成, 所制膏方由中药饮片、细料药、胶类、糖类、辅料五部分组成, 以十全大补膏、阿胶膏、养阴清肺膏、琼玉膏、补肾强身膏等享誉江浙一带。本书详细讲解了方回春堂传统膏方制作技艺, 对传承和弘扬传统文化、构建中华民族优秀传统文化传承体系具有重要意义。
410  0 @12001 @a浙江省非物质文化遗产代表作丛书@h第四批
606 0  @a膏剂@x制作
690    @aR289.6@v5
701  0 @a丁黎@Ading li@4编著
701  0 @a俞柏堂@Ayu bo tang@4编著
801  0 @aCN@b湖北三新@c20190915
905    @aBZT@dR289.6@e5
    
    方回春堂传统膏方制作技艺/丁黎, 俞柏堂编著.-杭州:浙江摄影出版社,2019
    177页, [1] 叶图版:彩图;23cm.-(浙江省非物质文化遗产代表作丛书.第四批)
    第四批国家级非物质文化遗产浙江省项目
    
    ISBN 978-7-5514-2436-3:48.00CNY
    方回春堂创立于1649年, 是清末民国初年杭城药业六大家之一, 膏方制作工艺已有三百多年的传承历史。医生通过辨证论治, 开具膏方处方, 由专人熬制, 经过配料、浸泡、煎煮、沉淀、榨汁、滤渣、浓缩、收膏、, 质鉴等十几道工序完成, 所制膏方由中药饮片、细料药、胶类、糖类、辅料五部分组成, 以十全大补膏、阿胶膏、养阴清肺膏、琼玉膏、补肾强身膏等享誉江浙一带。本书详细讲解了方回春堂传统膏方制作技艺, 对传承和弘扬传统文化、构建中华民族优秀传统文化传承体系具有重要意义。
●
相关链接 在五车中查询图书 在当当中查询图书 在豆瓣中查询图书


正题名:方回春堂传统膏方制作技艺     索取号:R289.6/5         预约/预借

序号 登录号 条形码 馆藏地/架位号 状态 备注
1 2001704875   2001704875   辽三/辽宁北配(第三批)/4014/ [索取号:R289.6/5] 在馆    
2 2001704876   2001704876   辽三/辽宁北配(第三批)/4014/ [索取号:R289.6/5] 在馆    
3 2001704877   2001704877   辽三/辽宁北配(第三批)/4014/ [索取号:R289.6/5] 在馆    
4 2001704878   2001704878   辽三/辽宁北配(第三批)/4014/ [索取号:R289.6/5] 在馆    
5 2001704879   2001704879   辽三/辽宁北配(第三批)/4014/ [索取号:R289.6/5] 在馆    
6 2001704880   2001704880   辽三/辽宁北配(第三批)/4014/ [索取号:R289.6/5] 在馆    
7 2001704881   2001704881   辽三/辽宁北配(第三批)/4014/ [索取号:R289.6/5] 在馆    
8 2001704882   2001704882   辽三/辽宁北配(第三批)/4014/ [索取号:R289.6/5] 在馆    
9 2001704883   2001704883   辽三/辽宁北配(第三批)/4014/ [索取号:R289.6/5] 在馆    
10 2001704884   2001704884   辽三/辽宁北配(第三批)/4014/ [索取号:R289.6/5] 在馆    
11 2001704885   2001704885   辽三/辽宁北配(第三批)/4014/ [索取号:R289.6/5] 在馆    
12 2001704886   2001704886   辽三/辽宁北配(第三批)/4014/ [索取号:R289.6/5] 在馆    
13 2001704887   2001704887   辽三/辽宁北配(第三批)/4014/ [索取号:R289.6/5] 在馆    
14 2001704888   2001704888   辽三/辽宁北配(第三批)/4014/ [索取号:R289.6/5] 在馆    
15 2001704889   2001704889   辽三/辽宁北配(第三批)/4014/ [索取号:R289.6/5] 在馆    
16 2001704890   2001704890   辽三/辽宁北配(第三批)/4014/ [索取号:R289.6/5] 在馆    
17 2001704891   2001704891   辽三/辽宁北配(第三批)/4014/ [索取号:R289.6/5] 在馆    
18 2001704892   2001704892   辽三/辽宁北配(第三批)/4014/ [索取号:R289.6/5] 在馆    
19 2001704893   2001704893   辽三/辽宁北配(第三批)/4014/ [索取号:R289.6/5] 在馆    
20 2001704894   2001704894   辽三/辽宁北配(第三批)/4014/ [索取号:R289.6/5] 在馆    
21 2001704895   2001704895   辽三/辽宁北配(第三批)/4014/ [索取号:R289.6/5] 在馆    
22 2001704896   2001704896   辽三/辽宁北配(第三批)/4014/ [索取号:R289.6/5] 在馆    
23 2001704897   2001704897   辽三/辽宁北配(第三批)/4014/ [索取号:R289.6/5] 在馆    
24 2001704898   2001704898   辽三/辽宁北配(第三批)/4014/ [索取号:R289.6/5] 在馆    
25 2001704899   2001704899   辽三/辽宁北配(第三批)/4014/ [索取号:R289.6/5] 在馆    
26 2001704900   2001704900   辽三/辽宁北配(第三批)/4014/ [索取号:R289.6/5] 在馆    
27 2001704901   2001704901   辽三/辽宁北配(第三批)/4014/ [索取号:R289.6/5] 在馆    
28 2001704902   2001704902   辽三/辽宁北配(第三批)/4014/ [索取号:R289.6/5] 在馆    
29 2001704903   2001704903   辽三/辽宁北配(第三批)/4014/ [索取号:R289.6/5] 在馆    
30 2001704904   2001704904   辽三/辽宁北配(第三批)/4014/ [索取号:R289.6/5] 在馆    
山东省滨州职业学院图书馆 欢迎您!
大连网信软件有限公司© 版权所有